एकांकिका विचार (Record no. 1063649)

MARC details
000 -LEADER
fixed length control field 00538nam a2200193Ia 4500
008 - FIXED-LENGTH DATA ELEMENTS--GENERAL INFORMATION
fixed length control field 151119s9999||||xx |||||||||||||| ||und||
082 ## - DEWEY DECIMAL CLASSIFICATION NUMBER
Classification number 891.461
082 ## - DEWEY DECIMAL CLASSIFICATION NUMBER
Item number GKKV9329
100 ## - MAIN ENTRY--PERSONAL NAME
Personal name पवार जयंत
245 ## - TITLE STATEMENT
Title एकांकिका विचार
260 ## - PUBLICATION, DISTRIBUTION, ETC. (IMPRINT)
Place of publication, distribution, etc --
260 ## - PUBLICATION, DISTRIBUTION, ETC. (IMPRINT)
Name of publisher, distributor, etc --
260 ## - PUBLICATION, DISTRIBUTION, ETC. (IMPRINT)
Date of publication, distribution, etc 1992
600 ## - SUBJECT ADDED ENTRY--PERSONAL NAME
Personal name पवार जयंत
630 ## - SUBJECT ADDED ENTRY--UNIFORM TITLE
Uniform title एकांकिका विचार
700 ## - ADDED ENTRY--PERSONAL NAME
Personal name पवार जयंत
730 ## - ADDED ENTRY--UNIFORM TITLE
Uniform title एकांकिका विचार
942 ## - ADDED ENTRY ELEMENTS (KOHA)
Koha item type Book
Holdings
Withdrawn status Lost status Damaged status Not for loan Home library Current library Date acquired Cost, normal purchase price Total Checkouts Full call number Barcode Date last seen Cost, replacement price Price effective from Koha item type
        G.K. Khandekar Vachanalaya, Mulund G.K. Khandekar Vachanalaya, Mulund 09/24/2012 0.00   GKKV9329 GKKV9329 11/19/2015 0.00 11/19/2015 Book